书目信息 |
| 题名: |
语言基础
|
|
| 作者: | 徐越 主编 | |
| 分册: | ||
| 出版信息: | 杭州 浙江大学出版社 2024.09 |
|
| 页数: | 205页 | |
| 开本: | 26cm | |
| 丛书名: | ||
| 单 册: | ||
| 中图分类: | H019 | |
| 科图分类: | ||
| 主题词: | 语言艺术 | |
| 电子资源: | ||
| ISBN: | 978-7-308-24707-8 | |
| 000 | 00946nam0 2200253 450 | |
| 001 | 012763636 | |
| 005 | 20251022092733.12 | |
| 010 | @a978-7-308-24707-8@dCNY45.00 | |
| 100 | @a20241022d2024 em y0chiy0120 ea | |
| 101 | 0 | @achi |
| 102 | @aCN@b330000 | |
| 105 | @aa z 000yy | |
| 106 | @ar | |
| 200 | 1 | @a语言基础@9yu yan ji chu@dLanguage fundamentals@f徐越主编@zeng |
| 210 | @a杭州@c浙江大学出版社@d2024.09 | |
| 215 | @a205页@c图@d26cm | |
| 300 | @a杭州师范大学“语言资源与传统文化创新实践虚拟教研室”建设项目 杭州师范大学一流线上课程及新文科教材建设项目杭 州师范大学教学建设和改革项目 | |
| 330 | @a本书内容包括第一章无尽的远方,无数的语言一语言类型、每个词都有它的历史一基本词汇的演变、异文化的使者一外来词、民俗文化的折射一语言禁忌等。 | |
| 510 | 1 | @aLanguage fundamentals@zeng |
| 606 | 0 | @a语言艺术 |
| 690 | @aH019@v5 | |
| 701 | 0 | @a徐越@9xu yue@4主编 |
| 801 | 0 | @aCN@c20250911 |
| 905 | @a河南城建学院图书馆@dH019@eX831@ZX831@f1 | |
| 语言基础=Language fundamentals/徐越主编.-杭州:浙江大学出版社,2024.09 |
| 205页:图;26cm |
| 杭州师范大学“语言资源与传统文化创新实践虚拟教研室”建设项目 杭州师范大学一流线上课程及新文科教材建设项目杭 州师范大学教学建设和改革项目 |
| ISBN 978-7-308-24707-8:CNY45.00 |
| 本书内容包括第一章无尽的远方,无数的语言一语言类型、每个词都有它的历史一基本词汇的演变、异文化的使者一外来词、民俗文化的折射一语言禁忌等。 |
| ● |
| 相关链接 |
|
|
|
正题名:语言基础
索取号:H019/X831
 
预约/预借
| 序号 | 登录号 | 条形码 | 馆藏地/架位号 | 状态 | 备注 |
| 1 | 1636052 | 216360523 | 语言库209/209语言库 64排3列3层/ [索取号:H019/X831] | 在馆 |